Effect of pirantel and albendazole on the gastro-in tesinal patasites of calf in kien svay districr, kandalprovince, ប្រសិទ្ធភាព PIRANTEL និង ALBENDZOLE ក្នុងការទម្លាក់បរាសិតខាងក្នុងក្រពះ ពោះវៀនគោ នៅក្នុងស្រុកកៀនស្វាយ ខេត្តកណ្តាល. (Record no. 2627)

000 -LEADER
fixed length control field 00768nam a22001577a 4500
003 - CONTROL NUMBER IDENTIFIER
control field OSt
005 - DATE AND TIME OF LATEST TRANSACTION
control field 20151024150728.0
008 - FIXED-LENGTH DATA ELEMENTS--GENERAL INFORMATION
fixed length control field 151024b xxu||||| |||| 00| 0 eng d
040 ## - CATALOGING SOURCE
Transcribing agency RUA
082 ## - DEWEY DECIMAL CLASSIFICATION NUMBER
Classification number AVM MUO 2013 B105 Or.1
100 ## - MAIN ENTRY--PERSONAL NAME
9 (RLIN) 2806
Personal name MOUNG, SAMNANG.
245 ## - TITLE STATEMENT
Title Effect of pirantel and albendazole on the gastro-in tesinal patasites of calf in kien svay districr, kandalprovince, ប្រសិទ្ធភាព PIRANTEL និង ALBENDZOLE ក្នុងការទម្លាក់បរាសិតខាងក្នុងក្រពះ ពោះវៀនគោ នៅក្នុងស្រុកកៀនស្វាយ ខេត្តកណ្តាល.
260 ## - PUBLICATION, DISTRIBUTION, ETC. (IMPRINT)
Place of publication, distribution, etc. phnom phen
Name of publisher, distributor, etc. RUA
Date of publication, distribution, etc. 2013
300 ## - PHYSICAL DESCRIPTION
Extent X,60p.
Other physical details ill.
Dimensions 29cm.
942 ## - ADDED ENTRY ELEMENTS (KOHA)
Source of classification or shelving scheme
Koha item type AVM
Holdings
Price effective from Date last seen Permanent Location Not for loan Date acquired Source of classification or shelving scheme Koha item type Lost status Withdrawn status Total Renewals Date last checked out Total Checkouts Shelving location Damaged status Barcode Current Location Full call number
2015-10-242015-10-24Library Block B 2015-10-24 AVM     B105 RUA018404Library Block BAVM MUO 2013 B105 Or.1
2015-10-242015-10-24Library Block B 2015-10-24 AVM     B105 RUA018145Library Block BAVM MUO 2013 B105 Or.2
2015-10-242016-07-23Library Block B 2015-10-24 AVM  22016-06-112B105 RUA018499Library Block BAVM MUO 2013 B105 Or.3
2015-10-242015-10-24Library Block B 2015-10-24 AVM     B105 RUA018072Library Block BAVM MUO 2013 B105 Or.4
2015-10-242016-08-17Library Block B 2015-10-24 AVM   2016-07-261B105 RUA018216Library Block BAVM MUO 2013 B105 Or.5
2015-10-242018-05-30Library Block B 2015-10-24 AVM   2018-05-211B105 RUA018332Library Block BAVM MUO 2013 B105 Or.6
2015-10-242016-06-15Library Block B 2015-10-24 AVM   2016-06-043B105 RUA018395Library Block BAVM MUO 2013 B105 Or.7
មជ្ឈមណ្ឌលឯការនៃសាកលវិទ្យាល័យភូមិន្ទកសិកម្មចំការដូង

Powered by Koha